Statistics for All Songs from DAMN. album by Kendrick Lamar

Click here to take the quiz!

General Stats

  • This quiz has been taken 49 times
  • The average score is 12 of 14

Answer Stats

Artists featuredAnswer% Correct
NoneDuckworth
100%
RihannaLoyalty
100%
NoneDNA
94%
NoneHumble
94%
ZacariLove
91%
U2XXX
91%
NoneGod
88%
NonePride
88%
NoneLust
81%
NoneBlood
78%
NoneFeel
78%
NoneYah
78%
NoneFear
75%
NoneElement
72%

Score Distribution

Percentile by Number Answered

Percent of People with Each Score

Your Score History

You have not taken this quiz